Role of dietary fibers and nutraceuticals in preventing diseases (Record no. 187157)
[ view plain ]
| 000 -LEADER | |
|---|---|
| fixed length control field | 01159nam a2200289 a 4500 |
| 100 1# - MAIN ENTRY--AUTHOR NAME | |
| Personal name | Augusti, K. T. |
| 245 10 - TITLE STATEMENT | |
| Title | Role of dietary fibers and nutraceuticals in preventing diseases |
| 260 ## - PUBLICATION, DISTRIBUTION, ETC. (IMPRINT) | |
| Place of publication | Hyderabad [India] : |
| Name of publisher | PharmaMed Press, |
| Year of publication | 2009. |
| 300 ## - PHYSICAL DESCRIPTION | |
| Number of Pages | xxiii, 525 p. : |
| Other physical details | ill. |
| 650 #0 - SUBJECT ADDED ENTRY--TOPICAL TERM | |
| Topical Term | Functional foods. |
| Topical Term | Fiber in human nutrition. |
| Topical Term | Medicine, Preventive. |
| 856 40 - ELECTRONIC LOCATION AND ACCESS | |
| Uniform Resource Identifier | http://site.ebrary.com/lib/rucke/Doc?id=10416204 |
No items available.
